[Event "Internet Section 06A g/8'+2\""]
[Site "Dos Hermanas"]
[Date "2004.03.06"]
[Round "6"]
[White "Valencia, Jorge"]
[Black "Ankerst, Mihael"]
[Result "0-1"]
[WhiteElo "1581"]
[BlackElo "2362"]
[PlyCount "64"]
[EventDate "2004.03.06"]
[EventType "swiss (blitz)"]
[EventRounds "9"]
[EventCountry "ESP"]
[SourceTitle "CBM 099 Extra"]
[Source "ChessBase"]
[SourceDate "2004.05.04"]
[SourceVersion "1"]
[SourceVersionDate "2004.05.04"]
[SourceQuality "1"]

1. e4 c5 2. Nf3 e6 3. Bc4 Nc6 4. Nc3 Nf6 5. a3 a6 6. d3 d5 7. exd5 exd5 8. Ba2 d4 9. Ne2 Be7 10. 0-0 0-0 11. Ng3 h6 12. h3 Bd6 13. Ne4 Nxe4 14. dxe4 b5 15. Bd5 Bb7 16. Bd2 Rc8 17. Re1 Qb6 18. Rb1 c4 19. Qe2 Rfe8 20. Nh2 Ne5 21. Ng4 Bxd5 22. exd5 Qc5 23. Nxe5 Rxe5 24. Qg4 h5 25. Qf3 Qxd5 26. Qxd5 Rxd5 27. Re4 d3 28. cxd3 Rxd3 29. Bc3 Bxa3 30. Bxg7 Kxg7 31. bxa3 Rxa3 32. Rbe1 c3 0-1